LEADER 01739oam 2200469 450 001 9910698610603321 005 20150923120011.0 035 $a(CKB)5470000002436543 035 $a(OCoLC)882401805 035 $a(EXLCZ)995470000002436543 100 $a20140701d1911 ua 0 101 0 $aeng 135 $aurbn||||||||| 181 $ctxt$2rdacontent 182 $cc$2rdamedia 183 $acr$2rdacarrier 200 10$aRetracement of the boundary line between Idaho and Washington, from the junction of Snake and Clearwater rivers northward to the international boundary /$fR.B. Marshall 210 1$aWashington, D.C. :$cDepartment of the Interior, United States Geological Survey,$d1911. 210 2$aWashington :$cGovernment Printing Office. 215 $a1 online resource (39 pages, VII pages of plates) $cillustrations, map 225 1 $aGeological Survey bulletin ;$v466 300 $aTitle from title screen (viewed June 30, 2014). 606 $aBoundaries, State 606 $aBoundaries$2fast 607 $aIdaho$xBoundaries$zWashington (State) 607 $aWashington (State)$xBoundaries$zIdaho 607 $aIdaho$2fast 607 $aWashington (State)$2fast 615 0$aBoundaries, State. 615 7$aBoundaries. 700 $aMarshall$b R. B$g(Robert Bradford),$f1867-1949,$01387024 712 02$aGeological Survey (U.S.), 801 0$bCOP 801 1$bCOP 801 2$bOCLCO 801 2$bOCLCF 801 2$bOCLCA 801 2$bGPO 906 $aBOOK 912 $a9910698610603321 996 $aRetracement of the boundary line between Idaho and Washington, from the junction of Snake and Clearwater rivers northward to the international boundary$93510327 997 $aUNINA